|
|
|
|
| LEADER |
00000nam a22000007a 4500 |
| 005 |
20191015221225.0 |
| 007 |
cr|||| |||| |
| 008 |
191015s2017 co |||||s|||| 00||0 spa d |
| 020 |
|
|
|a 978-958-760-087-2
|
| 035 |
|
|
|a 30541
|
| 040 |
|
|
|a vLex
|
| 090 |
|
|
|c 9829
|d 9829
|
| 100 |
1 |
|
|a Arbelèz Ochoa, John
|
| 245 |
1 |
0 |
|a Historia de la Plaza Minorista Jos ̌Mara̕ Villa, bastin̤ de la economa̕ popular en Medelln̕
|h [Recurso electrn̤ico] /
|c John Arbelèz Ochoa
|
| 256 |
|
|
|a Servicio en ln̕ea
|
| 260 |
|
|
|a Bogot:̀
|b Ediciones Universidad Cooperativa de Colombia,
|c 2017
|
| 300 |
|
|
|a 1 recurso electrn̤ico
|
| 506 |
1 |
|
|a Disponible solo en los productos indicados
|d vLex Global
|d vLex Global (Academic Edition, excluding Law Schools)
|d vLex Global (U.S. Academic Edition, Law Schools)
|d vLex Global (U.S. Academic Edition, excluding Law Schools)
|d vLex Global (Academic Edition, Law Schools)
|
| 650 |
0 |
4 |
|a Derecho Militar
|z Colombia
|
| 740 |
0 |
|
|a vLex Libros (Servicio en ln̕ea)
|
| 856 |
4 |
0 |
|u http://vlex.com/source/historia-plaza-minorista-jose-maria-villa-bastion-economia-popular-medellin-30541
|z Acceso restringido
|
| 942 |
|
|
|c BOOK
|
| 999 |
0 |
|
|a Military Law
|